[Event "1st EUR-ch (w)"]
[Site "Batumi GEO"]
[Date "2000.05.30"]
[Round "2.2"]
[White "Gurieli, Nino"]
[Black "Zhukova, Natalia"]
[Result "1/2-1/2"]
[WhiteElo "2373"]
[BlackElo "2471"]
[EventDate "2000.05.27"]
[PlyCount "55"]

1.e4 d5 2.exd5 Qxd5 3.Nc3 Qa5 4.d4 c6 5.Bc4 Bf5 6.Nf3 e6 7.O-O Nf6 8.Re1 
Bb4 9.Bd2 O-O 10.a3 Bxc3 11.Bxc3 Qc7 12.Ne5 Nbd7 13.Bb3 Nxe5 14.dxe5 Ne4 
15.Qf3 Nxc3 16.Qxc3 Rfd8 17.h3 Rd7 18.Qe3 Qb6 19.g4 Qxe3 20.Rxe3 Bg6 21.
Re2 Rad8 22.f3 Kf8 23.Kf2 h6 24.Rf1 Bh7 25.Kg3 Rd2 26.Rff2 Rxe2 27.Rxe2 
Ke7 28.h4 1/2-1/2

[Event "1st EUR-ch (w)"]
[Site "Batumi GEO"]
[Date "2000.05.29"]
[Round "2.1"]
[White "Radziewicz, Iweta"]
[Black "Khurtsidze, Nino"]
[Result "1-0"]
[WhiteElo "2377"]
[BlackElo "2464"]
[EventDate "2000.05.27"]
[PlyCount "143"]

1.c4 c5 2.Nc3 Nf6 3.g3 d5 4.cxd5 Nxd5 5.Bg2 Nc7 6.d3 e5 7.Be3 Be7 8.Qb3 
Nd7 9.Nf3 O-O 10.Nd5 Rb8 11.O-O b6 12.Nxc7 Qxc7 13.Qc4 Bb7 14.a4 Nf6 15.
Nh4 Bxg2 16.Nxg2 Rfd8 17.Bd2 Rd4 18.Qa2 Rbd8 19.Bc3 R4d7 20.Qc4 Nd5 21.
Rad1 a6 22.Rc1 Nxc3 23.bxc3 Ra8 24.Rb1 Qc6 25.e4 Rb7 26.Ne3 b5 27.Qa2 Rd8 
28.axb5 axb5 29.c4 b4 30.Nd5 Bf8 31.Qb2 Qe6 32.Ra1 Qg4 33.Kg2 Re8 34.Ra6 
h5 35.h3 Qg5 36.h4 Qg4 37.f3 Qc8 38.Rfa1 Re6 39.Ra8 Rb8 40.R8a7 Rb7 41.Ra8
Rb8 42.Rxb8 Qxb8 43.Ra5 g5 44.Qd2 Rg6 45.hxg5 Qd8 46.Ra7 Qxg5 47.Qxg5 Rxg5
48.Kh3 Rg6 49.Rb7 Ra6 50.Kh4 Kg7 51.f4 exf4 52.gxf4 Ra1 53.Kxh5 Rh1+ 54.
Kg4 Rb1 55.e5 Re1 56.Kf5 Re2 57.Nf6 Re3 58.Ne4 Kg8 59.e6 fxe6+ 60.Kg6 Rh3 
61.Nf6+ Kh8 62.Nh5 Kg8 63.Rb8 Rxh5 64.Kxh5 Kf7 65.Kg4 Bg7 66.Rb7+ Kf8 67.
Kf3 Bc3 68.Ke4 Ke8 69.Rb5 Bd4 70.Rxb4 cxb4 71.Kxd4 Kd7 72.Ke3 1-0

[Event "1st EUR-ch (w)"]
[Site "Batumi GEO"]
[Date "2000.05.30"]
[Round "2.2"]
[White "Khurtsidze, Nino"]
[Black "Radziewicz, Iweta"]
[Result "1-0"]
[WhiteElo "2464"]
[BlackElo "2377"]
[EventDate "2000.05.27"]
[PlyCount "71"]

1.d4 g6 2.c4 Bg7 3.Nf3 c5 4.d5 d6 5.Nc3 a6 6.g3 Nf6 7.Bg2 b5 8.O-O b4 9.
Nb1 Nbd7 10.a3 Rb8 11.axb4 Rxb4 12.Bd2 Rb8 13.Bc3 O-O 14.Nbd2 Ne8 15.Nb3 
Bxc3 16.bxc3 Nb6 17.Na5 Bd7 18.Qc2 Qc7 19.Nd2 Nf6 20.Ra3 e6 21.Qa2 Rbe8 
22.e3 exd5 23.cxd5 c4 24.Nc6 Bxc6 25.dxc6 d5 26.Rxa6 Qxc6 27.Rb1 Nfd7 28.
Qa5 Qc7 29.Bh3 Qe5 30.Ra7 Qd6 31.Rb5 Ra8 32.Bxd7 Rxa7 33.Qxa7 Nxd7 34.Qd4 
Ne5 35.Rxd5 Qa3 36.Rxe5 1-0

[Event "1st EUR-ch (w)"]
[Site "Batumi GEO"]
[Date "2000.05.31"]
[Round "2.4"]
[White "Radziewicz, Iweta"]
[Black "Khurtsidze, Nino"]
[Result "1/2-1/2"]
[WhiteElo "2377"]
[BlackElo "2464"]
[EventDate "2000.05.27"]
[PlyCount "57"]

1.c4 Nf6 2.Nc3 e6 3.e4 c5 4.e5 Ng8 5.Nf3 Nc6 6.d4 cxd4 7.Nxd4 Nxe5 8.Ndb5 
Bb4 9.Bf4 d6 10.a3 Bxc3+ 11.bxc3 f6 12.Nxd6+ Ke7 13.c5 Ng6 14.Nxc8+ Rxc8 
15.Bd6+ Kf7 16.Qb3 b6 17.Bc4 Qd7 18.Bb5 Qb7 19.O-O N8e7 20.Rfe1 Nd5 21.c6 
Rxc6 22.Bxc6 Qxc6 23.c4 Qxd6 24.cxd5 exd5 25.Qa4 a5 26.Rac1 Ne7 27.Rc2 Rd8
28.Rce2 Ng6 29.Re6 1/2-1/2

[Event "1st EUR-ch (w)"]
[Site "Batumi GEO"]
[Date "2000.05.31"]
[Round "2.5"]
[White "Radziewicz, Iweta"]
[Black "Khurtsidze, Nino"]
[Result "1/2-1/2"]
[WhiteElo "2377"]
[BlackElo "2464"]
[EventDate "2000.05.27"]
[PlyCount "114"]

1.c4 c5 2.g3 Nf6 3.Bg2 e6 4.Nf3 Be7 5.Nc3 O-O 6.O-O d6 7.a3 Nc6 8.Rb1 b6 
9.d4 Bb7 10.d5 Na5 11.dxe6 fxe6 12.Bh3 e5 13.Ng5 Qe8 14.Be6+ Kh8 15.Nb5 
Qc6 16.f3 a6 17.Nc3 Qe8 18.Nd5 Nxd5 19.cxd5 Bxg5 20.Bxg5 Bc8 21.b4 Nc4 22.
bxc5 dxc5 23.Bxc8 Rxc8 24.Qd3 b5 25.d6 Qd7 26.Be7 Rfe8 27.f4 Rxe7 28.dxe7 
Qxd3 29.exd3 Nd2 30.fxe5 Nxf1 31.Rxf1 Kg8 32.Kf2 Kf7 33.Ke3+ Kxe7 34.Ke4 
Rd8 35.Rc1 Rd4+ 36.Ke3 Rd5 37.d4 Rxd4 38.Rxc5 Ra4 39.Rc7+ Ke6 40.Rxg7 
Rxa3+ 41.Kd4 Ra4+ 42.Kc3 Rc4+ 43.Kd3 a5 44.Rxh7 a4 45.Rh6+ Kf7 46.Rb6 Rb4 
47.Kc3 Rb3+ 48.Kc2 b4 49.g4 Rc3+ 50.Kb1 b3 51.Ra6 Rc4 52.g5 Re4 53.h3 Re1+
54.Kb2 Re2+ 55.Kb1 Re4 56.Kb2 Re2+ 57.Kb1 Re1+ 1/2-1/2

[Event "1st EUR-ch (w)"]
[Site "Batumi GEO"]
[Date "2000.05.31"]
[Round "2.6"]
[White "Khurtsidze, Nino"]
[Black "Radziewicz, Iweta"]
[Result "0-1"]
[WhiteElo "2464"]
[BlackElo "2377"]
[EventDate "2000.05.27"]
[PlyCount "180"]

1.b3 e5 2.Bb2 Nc6 3.c4 Nf6 4.e3 d5 5.cxd5 Nxd5 6.a3 Bd6 7.d3 O-O 8.Nf3 Qe7
9.Nbd2 Bg4 10.Be2 Rad8 11.Qc2 Nb6 12.b4 a5 13.b5 Nb8 14.O-O N8d7 15.Rfe1 
Bf5 16.e4 Bg6 17.d4 exd4 18.Nxd4 Nc5 19.Nf5 Bxf5 20.exf5 Bxh2+ 21.Kxh2 
Qd6+ 22.Kg1 Qxd2 23.Qxc5 Qxb2 24.Qxc7 Rd2 25.Bf1 Qd4 26.Qg3 Nd5 27.Qf3 Nf6
28.Rad1 Rd8 29.Rxd2 Qxd2 30.Qe3 Qd5 31.Qb6 Rc8 32.Qxa5 h5 33.Qb4 Rc2 34.
Qf4 Qc5 35.Qe3 Qd6 36.Qd3 Qc5 37.Qe3 Qd6 38.Qd3 Qc5 39.Qe3 Qd6 40.Qd3 Qc7 
41.Rd1 Kh7 42.Qd6 Qc3 43.a4 Rxf2 44.Qd4 Qxd4 45.Rxd4 Ra2 46.Rc4 Kh6 47.Rc7
Rxa4 48.Rxb7 Ng4 49.Rxf7 Ra1 50.Re7 Rb1 51.g3 Kg5 52.Rxg7+ Kxf5 53.Re7 Kf6
54.Re8 Kf7 55.Re4 Kf6 56.Kg2 Rb2+ 57.Be2 Kg5 58.Re8 Kf5 59.Kh3 Nf6 60.Bd3+
Kg5 61.Re5+ Kh6 62.Re6 Kg5 63.Re5+ Kh6 64.Be2 Kg6 65.Rc5 Rxe2 66.b6 Rb2 
67.Rc6 Kg5 68.Rc5+ Kg6 69.Rc6 Kf5 70.Rc5+ Ke6 71.Rc6+ Ke5 72.Kh4 Rb4+ 73.
Kg5 Rg4+ 74.Kh6 Rxg3 75.b7 Rb3 76.Kg6 Nd5 77.Kxh5 Rxb7 78.Rc5 Rg7 79.Kh6 
Rg1 80.Ra5 Ke6 81.Ra6+ Kf7 82.Kh5 Nf6+ 83.Kh4 Kg6 84.Kh3 Kf5 85.Ra8 Kf4 
86.Rf8 Rg3+ 87.Kh2 Rg6 88.Kh3 Kf3 89.Kh4 Kg2 90.Rg8 Nxg8 0-1

[Event "1st EUR-ch (w)"]
[Site "Batumi GEO"]
[Date "2000.05.29"]
[Round "2.1"]
[White "Stepovaya, Tatiana"]
[Black "Matnadze, Ana"]
[Result "1-0"]
[WhiteElo "2420"]
[BlackElo "2307"]
[EventDate "2000.05.27"]
[PlyCount "71"]

1.e4 c5 2.d3 Nc6 3.Nc3 d6 4.g3 g6 5.Be3 Bg7 6.Bg2 e5 7.Nd5 Be6 8.Ne2 Qd7 
9.O-O h6 10.a3 Nge7 11.Nxe7 Nxe7 12.b4 Rc8 13.Qd2 b6 14.c4 Nc6 15.b5 Nd4 
16.Ra2 Bh3 17.Nc3 Bxg2 18.Kxg2 f5 19.Nd5 O-O 20.f3 Kh7 21.a4 Ne6 22.a5 Nc7
23.Nc3 Qf7 24.Qe2 Ne6 25.axb6 axb6 26.Nd5 Rb8 27.Ra6 f4 28.Bf2 fxg3 29.
hxg3 Qd7 30.Be3 Qd8 31.Ra7 h5 32.Qd2 Ra8 33.Re7 Nd4 34.Bg5 Qb8 35.Bf6 Ra7 
36.Bxg7 1-0

[Event "1st EUR-ch (w)"]
[Site "Batumi GEO"]
[Date "2000.05.30"]
[Round "2.2"]
[White "Matnadze, Ana"]
[Black "Stepovaya, Tatiana"]
[Result "0-1"]
[WhiteElo "2307"]
[BlackElo "2420"]
[EventDate "2000.05.27"]
[PlyCount "132"]

1.d4 d5 2.Nf3 c6 3.g3 e6 4.Bg2 Nd7 5.O-O Bd6 6.c4 Ngf6 7.Nc3 O-O 8.Qb3 Qe7
9.Nd2 Bc7 10.e4 dxc4 11.Nxc4 e5 12.d5 Nb6 13.Ne3 Ng4 14.a4 a5 15.Nc2 Nd7 
16.Qc4 Nb6 17.Qb3 Nd7 18.h3 Nc5 19.Qc4 Nf6 20.Be3 Bd6 21.Rfd1 cxd5 22.Rxd5
b6 23.Bg5 h6 24.Nb5 hxg5 25.Rxd6 Be6 26.Qe2 Qb7 27.Ne3 Rad8 28.Rad1 Rxd6 
29.Nxd6 Qc7 30.Nb5 Qb8 31.Nd5 Nxa4 32.Ne7+ Kh8 33.f4 gxf4 34.gxf4 Qe8 35.
Nd5 Bxd5 36.exd5 exf4 37.Qxe8 Rxe8 38.d6 Nc5 39.Bc6 Rd8 40.Re1 Ne6 41.Rd1 
Kg8 42.Nc7 Kf8 43.Na8 Rb8 44.Nc7 Rc8 45.Bb7 Rb8 46.Ba6 Rd8 47.Kg2 Ne4 48.
Bc4 Rxd6 49.Rxd6 Nxd6 50.Bxe6 fxe6 51.Nxe6+ Kf7 52.Nxf4 Nc4 53.b3 Nd2 54.
Nd5 b5 55.b4 a4 56.Nc3 a3 57.Na2 Ke6 58.Kf2 Kd5 59.Ke3 Ne4 60.Kd3 Nf2+ 61.
Kc3 Nxh3 62.Kb3 g5 63.Nc3+ Kc6 64.Kxa3 g4 65.Ne4 Nf4 66.Ng3 Kd5 0-1

[Event "1st EUR-ch (w)"]
[Site "Batumi GEO"]
[Date "2000.05.30"]
[Round "2.2"]
[White "Matveeva, Svetlana"]
[Black "Pokorna, Regina"]
[Result "0-1"]
[WhiteElo "2414"]
[BlackElo "2298"]
[EventDate "2000.05.27"]
[PlyCount "58"]

1.d4 Nf6 2.c4 e6 3.Nc3 Bb4 4.Bg5 h6 5.Bh4 c5 6.d5 Bxc3+ 7.bxc3 d6 8.e3 e5 
9.Qc2 Qe7 10.Nf3 Nbd7 11.Nd2 g5 12.Bg3 Nh5 13.f3 Nxg3 14.hxg3 Nf6 15.Bd3 
Kd8 16.g4 Kc7 17.Kf2 Bd7 18.Bf5 Rae8 19.Rh3 e4 20.Bxd7 Qxd7 21.Rah1 h5 22.
gxh5 exf3 23.Rxf3 Ng4+ 24.Ke2 Nxe3 25.Rxe3 Qg4+ 26.Kf2 Rxe3 27.Kxe3 Re8+ 
28.Qe4 Qg3+ 29.Nf3 Qf4+ 0-1

[Event "1st EUR-ch (w)"]
[Site "Batumi GEO"]
[Date "2000.05.29"]
[Round "2.1"]
[White "Vasylevich, Tatiana"]
[Black "Madl, Ildiko"]
[Result "1/2-1/2"]
[WhiteElo "2409"]
[BlackElo "2408"]
[EventDate "2000.05.27"]
[PlyCount "117"]

1.d4 d5 2.c4 c6 3.Nf3 Nf6 4.Nc3 e6 5.Bg5 dxc4 6.e4 b5 7.e5 h6 8.Bh4 g5 9.
exf6 gxh4 10.Ne5 Qxf6 11.a4 h3 12.Be2 hxg2 13.Rg1 Bd6 14.Qd2 Qg5 15.axb5 
Qxd2+ 16.Kxd2 Bxe5 17.dxe5 a6 18.Bf3 Ra7 19.Kc2 Rd7 20.b6 Ke7 21.Bxg2 Rhd8
22.Rgd1 Rxd1 23.Rxd1 Rxd1 24.Kxd1 Nd7 25.Na4 Bb7 26.Kd2 Kd8 27.f4 Kc8 28.
Bf1 c5 29.Bxc4 Bc6 30.Bxa6+ Kd8 31.b3 Bxa4 32.bxa4 Nxb6 33.a5 Nd5 34.f5 
exf5 35.Bc4 Nb4 36.Bxf7 Kc7 37.Bg6 Nc6 38.e6 Kd6 39.a6 Kxe6 40.Kc3 f4 41.
Be4 Kd6 42.Kc4 Na7 43.Bf3 Nc6 44.h3 Na7 45.h4 Nc6 46.Bg2 Na7 47.Kd3 Ke5 
48.Bb7 Kd6 49.Ke4 Nc6 50.Kxf4 Kc7 51.h5 Nb4 52.Ke5 Kb6 53.Kf6 Nd3 54.Kf5 
c4 55.Bd5 c3 56.Bb3 Nf2 57.Kf4 Kxa6 58.Ke3 Ng4+ 59.Kd3 1/2-1/2

[Event "1st EUR-ch (w)"]
[Site "Batumi GEO"]
[Date "2000.05.30"]
[Round "2.2"]
[White "Madl, Ildiko"]
[Black "Vasylevich, Tatiana"]
[Result "1/2-1/2"]
[WhiteElo "2408"]
[BlackElo "2409"]
[EventDate "2000.05.27"]
[PlyCount "120"]

1.e4 c5 2.Nf3 e6 3.d4 cxd4 4.Nxd4 Nf6 5.Nc3 d6 6.g4 h6 7.h3 Nc6 8.Bg2 Bd7 
9.f4 Nxd4 10.Qxd4 Bc6 11.Be3 Be7 12.O-O-O Nd7 13.Kb1 Qc7 14.h4 b6 15.g5 
hxg5 16.hxg5 Rxh1 17.Bxh1 Bf8 18.g6 O-O-O 19.gxf7 Nf6 20.a4 d5 21.exd5 
Nxd5 22.Bxd5 Bxd5 23.Qe5 Qxf7 24.Nxd5 Rxd5 25.Rxd5 exd5 26.f5 Kb7 27.Bf4 
Ka6 28.b3 Qd7 29.c3 Be7 30.Kc2 Bf6 31.Qe6 Qxe6 32.fxe6 Kb7 33.b4 a6 34.b5 
axb5 35.axb5 Kc8 36.Kd3 Kd8 37.c4 dxc4+ 38.Kxc4 g5 39.Bg3 Be7 40.Bf2 Kc7 
41.Kd5 Bf6 42.Be3 Be7 43.Bd4 g4 44.Bf2 Bd6 45.Bh4 Bh2 46.Bg5 Bg3 47.Ke4 
Bd6 48.Kd5 Bg3 49.Be3 Bd6 50.Bxb6+ Kxb6 51.Kxd6 g3 52.e7 g2 53.e8=Q g1=Q 
54.Qc6+ Ka7 55.Qc7+ Ka8 56.Qc5 Kb7 57.Qd5+ Kb6 58.Qc6+ Ka7 59.Qa6+ Kb8 60.
Qc6 Ka7 1/2-1/2

[Event "1st EUR-ch (w)"]
[Site "Batumi GEO"]
[Date "2000.05.31"]
[Round "2.3"]
[White "Vasylevich, Tatiana"]
[Black "Madl, Ildiko"]
[Result "1/2-1/2"]
[WhiteElo "2409"]
[BlackElo "2408"]
[EventDate "2000.05.27"]
[PlyCount "99"]

1.d4 d5 2.c4 c6 3.Nf3 e6 4.Nc3 dxc4 5.a4 c5 6.e3 cxd4 7.exd4 Nf6 8.Bxc4 
Bb4 9.O-O O-O 10.Qe2 Nbd7 11.Rd1 Nb6 12.Bd3 Nbd5 13.Nxd5 exd5 14.Bg5 Bg4 
15.h3 Bh5 16.g4 Bg6 17.Ne5 Bxd3 18.Rxd3 Rc8 19.Rf3 Be7 20.Re3 Re8 21.Re1 
Ne4 22.Bxe7 Qxe7 23.Nd3 Qf8 24.Nc5 Nd6 25.Qf3 Rxe3 26.Rxe3 Nc4 27.Re2 b6 
28.Qxd5 Nxb2 29.Rxb2 bxc5 30.dxc5 Rxc5 31.Qd7 g6 32.Qxa7 Rc1+ 33.Kg2 Qd6 
34.Qb8+ Qxb8 35.Rxb8+ Kg7 36.Ra8 Rc3 37.a5 Ra3 38.a6 h6 39.h4 h5 40.g5 Ra4
41.Kg3 Rg4+ 42.Kh3 Ra4 43.f3 Ra3 44.Kg3 Ra4 45.Ra7 Ra2 46.f4 Ra3+ 47.Kg2 
Kf8 48.Kf2 Kg7 49.Kg2 Kf8 50.Kf2 1/2-1/2

[Event "1st EUR-ch (w)"]
[Site "Batumi GEO"]
[Date "2000.06.03"]
[Round "3.2"]
[White "Kovalevskaya, Ekaterina"]
[Black "Zatonskih, Anna"]
[Result "1/2-1/2"]
[WhiteElo "2451"]
[BlackElo "2441"]
[EventDate "2000.05.27"]
[PlyCount "48"]

1.e4 e6 2.d4 d5 3.Nc3 Nf6 4.Bg5 dxe4 5.Nxe4 Be7 6.Bxf6 gxf6 7.Nf3 a6 8.g3 
b5 9.Bg2 Bb7 10.Qe2 Nd7 11.O-O O-O 12.Rfe1 Bd5 13.Nc3 Bb4 14.Nxd5 Bxe1 15.
Nxe1 exd5 16.Bxd5 Rb8 17.Qg4+ Kh8 18.Qf5 Rg8 19.Bxf7 Rg7 20.Bb3 c5 21.dxc5
Rg5 22.Qf4 Nxc5 23.Nf3 Rg7 24.Nd4 Rb6 1/2-1/2

[Event "1st EUR-ch (w)"]
[Site "Batumi GEO"]
[Date "2000.06.02"]
[Round "3.1"]
[White "Radziewicz, Iweta"]
[Black "Stepovaya, Tatiana"]
[Result "1/2-1/2"]
[WhiteElo "2377"]
[BlackElo "2420"]
[EventDate "2000.05.27"]
[PlyCount "75"]

1.d4 d5 2.c4 e6 3.Nc3 c6 4.e3 Bd6 5.Bd3 Nf6 6.Nf3 O-O 7.O-O Nbd7 8.e4 dxc4
9.Bxc4 e5 10.Bg5 Qe7 11.d5 h6 12.Bh4 Rd8 13.dxc6 bxc6 14.Qc2 Nf8 15.Bg3 
Ng6 16.Nh4 Nxh4 17.Bxh4 g5 18.Bg3 Bc5 19.Kh1 Bd4 20.f3 Nh5 21.Ne2 c5 22.
Rad1 Be6 23.b3 a5 24.Be1 Rdb8 25.Bd2 Ng7 26.Rb1 Ne8 27.Rfc1 Nd6 28.Bxe6 
Qxe6 29.a4 Rc8 30.Bc3 Kh7 31.Ng3 Kg6 32.Qd2 Rab8 33.Bxd4 cxd4 34.h3 Rxb3 
35.Rxb3 Rxc1+ 36.Qxc1 Qxb3 37.Qc6 Qe6 38.Qa8 1/2-1/2

[Event "1st EUR-ch (w)"]
[Site "Batumi GEO"]
[Date "2000.06.03"]
[Round "3.2"]
[White "Stepovaya, Tatiana"]
[Black "Radziewicz, Iweta"]
[Result "1-0"]
[WhiteElo "2420"]
[BlackElo "2377"]
[EventDate "2000.05.27"]
[PlyCount "75"]

1.e4 c5 2.Nf3 g6 3.c3 Bg7 4.d4 cxd4 5.cxd4 d5 6.e5 Bg4 7.Nc3 Nc6 8.Be3 
Bxf3 9.gxf3 e6 10.Qb3 Nge7 11.Bd3 O-O 12.f4 a6 13.Na4 Nf5 14.Bxf5 gxf5 15.
O-O-O Na5 16.Qd3 Nc4 17.Kb1 Qe7 18.Bc1 Rfc8 19.Rhg1 Kh8 20.b3 b5 21.Nc5 
Na5 22.Qg3 Rg8 23.Qh3 h6 24.Qh5 Kh7 25.Rd3 Nc6 26.Bb2 Bf8 27.Rdg3 Rxg3 28.
hxg3 Qc7 29.g4 Bxc5 30.dxc5 Rg8 31.Rh1 Rg6 32.gxf5 exf5 33.Qxf5 d4 34.Qe4 
Qd7 35.f5 Rg5 36.e6 Qe8 37.f6+ Rg6 38.Rxh6+ 1-0

[Event "1st EUR-ch (w)"]
[Site "Batumi GEO"]
[Date "2000.06.02"]
[Round "3.1"]
[White "Pokorna, Regina"]
[Black "Zhukova, Natalia"]
[Result "1-0"]
[WhiteElo "2298"]
[BlackElo "2471"]
[EventDate "2000.05.27"]
[PlyCount "67"]

1.e4 d5 2.exd5 Qxd5 3.Nc3 Qa5 4.Bc4 Nf6 5.d3 c6 6.Bd2 Qc7 7.Qe2 Nbd7 8.Nf3
e6 9.Ng5 Nb6 10.Bb3 Be7 11.Nce4 h6 12.Nf3 Nxe4 13.Qxe4 Bf6 14.d4 a5 15.c3 
a4 16.Bc2 Nc4 17.Bf4 Qa5 18.O-O Nxb2 19.Ne5 a3 20.c4 Bg5 21.Nxf7 Bxf4 22.
Nxh8 Qg5 23.Qh7 Qf6 24.Qg8+ Kd7 25.Ng6 Bc7 26.Rfe1 Bd6 27.c5 Be7 28.Nf4 
Kc7 29.Nxe6+ Bxe6 30.Qxa8 Nc4 31.Rab1 Bc8 32.Bf5 Qxf5 33.Rxe7+ Kd8 34.Rbe1
1-0

[Event "1st EUR-ch (w)"]
[Site "Batumi GEO"]
[Date "2000.06.03"]
[Round "3.2"]
[White "Zhukova, Natalia"]
[Black "Pokorna, Regina"]
[Result "1-0"]
[WhiteElo "2471"]
[BlackElo "2298"]
[EventDate "2000.05.27"]
[PlyCount "49"]

1.d4 Nf6 2.c4 e6 3.Nc3 Bb4 4.Qc2 h6 5.a3 Bxc3+ 6.Qxc3 b6 7.Nf3 Bb7 8.Rg1 
d6 9.g4 Nbd7 10.h4 Qe7 11.g5 Ne4 12.Qc2 hxg5 13.hxg5 f6 14.Bg2 O-O-O 15.a4
a5 16.b4 axb4 17.a5 bxa5 18.Rxa5 Nb8 19.Rb5 Bc6 20.Rxb4 Kd7 21.d5 exd5 22.
Nd4 Qe5 23.cxd5 Bxd5 24.f4 Qe8 25.Nb5 1-0

[Event "1st EUR-ch (w)"]
[Site "Batumi GEO"]
[Date "2000.06.04"]
[Round "3.3"]
[White "Pokorna, Regina"]
[Black "Zhukova, Natalia"]
[Result "1-0"]
[WhiteElo "2298"]
[BlackElo "2471"]
[EventDate "2000.05.27"]
[PlyCount "87"]

1.e4 d5 2.exd5 Qxd5 3.Nc3 Qa5 4.Bc4 c6 5.d3 b5 6.Bb3 Bb7 7.Bd2 e6 8.Nf3 
Qc7 9.O-O Nf6 10.Re1 Nbd7 11.d4 Bd6 12.Qe2 O-O 13.Bg5 h6 14.Bh4 a6 15.Rad1
c5 16.dxc5 Bxc5 17.Rd2 b4 18.Nd1 Ne4 19.Rd3 Bd6 20.Ne3 a5 21.Nc4 Bc5 22.
Ba4 Nb6 23.Nxb6 Qxb6 24.Rd7 Bd5 25.Bb3 Bc6 26.Ne5 Nd6 27.Qg4 Rae8 28.Nxc6 
Qxc6 29.Bf6 Nf5 30.Rd3 Be7 31.Be5 Kh7 32.Rh3 a4 33.Bc4 f6 34.Bg3 Bc5 35.
Bd3 Kh8 36.Bf4 Qb6 37.Qf3 Nd4 38.Qg4 f5 39.Qg6 e5 40.Qxb6 Bxb6 41.Rxe5 Nc6
42.Rxe8 Rxe8 43.Kf1 Bd4 44.Bxh6 1-0

[Event "1st EUR-ch (w)"]
[Site "Batumi GEO"]
[Date "2000.06.04"]
[Round "3.4"]
[White "Zhukova, Natalia"]
[Black "Pokorna, Regina"]
[Result "1-0"]
[WhiteElo "2471"]
[BlackElo "2298"]
[EventDate "2000.05.27"]
[PlyCount "63"]

1.d4 Nf6 2.Nf3 e6 3.e3 b6 4.Bd3 Bb7 5.b3 d5 6.O-O Bd6 7.c4 O-O 8.cxd5 exd5
9.Bb2 Nbd7 10.Nc3 a6 11.Ne2 Ne4 12.Ng3 Nxg3 13.hxg3 Qe7 14.Rc1 Nf6 15.Ne5 
Ne4 16.Qh5 f5 17.g4 fxg4 18.Qxg4 Rae8 19.f4 Rf6 20.Qd7 Qxd7 21.Nxd7 Rh6 
22.Ne5 Rf8 23.Rc2 Bc8 24.Rfc1 Bf5 25.g4 Bxe5 26.gxf5 Bd6 27.Bxa6 Rxf5 28.
Rh2 Rg6+ 29.Rg2 Rh6 30.Kf1 Rfh5 31.Ke2 Rh2 32.Rg1 1-0

[Event "1st EUR-ch (w)"]
[Site "Batumi GEO"]
[Date "2000.06.04"]
[Round "3.5"]
[White "Pokorna, Regina"]
[Black "Zhukova, Natalia"]
[Result "0-1"]
[WhiteElo "2298"]
[BlackElo "2471"]
[EventDate "2000.05.27"]
[PlyCount "46"]

1.e4 Nf6 2.e5 Nd5 3.d4 d6 4.Nf3 Bg4 5.Be2 c6 6.O-O Bxf3 7.Bxf3 dxe5 8.dxe5
e6 9.Be4 Nd7 10.f4 Qb6+ 11.Kh1 Ne3 12.Bxe3 Qxe3 13.Nc3 O-O-O 14.Rf3 Qb6 
15.Rd3 Be7 16.Qf3 Nc5 17.Rxd8+ Rxd8 18.b3 f5 19.Bd3 Nxd3 20.cxd3 Qd4 21.
Rc1 Qxd3 22.Qf2 Ba3 23.Rc2 Bb4 0-1

[Event "1st EUR-ch (w)"]
[Site "Batumi GEO"]
[Date "2000.06.04"]
[Round "3.6"]
[White "Zhukova, Natalia"]
[Black "Pokorna, Regina"]
[Result "1-0"]
[WhiteElo "2471"]
[BlackElo "2298"]
[EventDate "2000.05.27"]
[PlyCount "89"]

1.d4 Nf6 2.c4 e6 3.Nc3 d5 4.cxd5 exd5 5.Bg5 Nbd7 6.e3 c6 7.Bd3 Be7 8.Nf3 
O-O 9.Qc2 Re8 10.O-O Nf8 11.Rae1 Ng6 12.Ne5 Ng4 13.Bxe7 Qxe7 14.Nxg4 Bxg4 
15.f4 Bd7 16.f5 Nf8 17.f6 gxf6 18.Qf2 Ng6 19.e4 dxe4 20.Nxe4 f5 21.Nc5 Qd6
22.Nxd7 Qxd7 23.Bxf5 Qd5 24.h4 Rad8 25.h5 Nf8 26.Rd1 c5 27.dxc5 Qxd1 28.
Rxd1 Rxd1+ 29.Kh2 Rde1 30.Qh4 h6 31.Qf6 R1e5 32.b4 R8e7 33.Bg4 Nh7 34.Qxh6
Rg5 35.Qd6 Ree5 36.Bf3 Nf8 37.Qf6 Ref5 38.Qe7 Ne6 39.Qxb7 Nd4 40.Qb8+ Kg7 
41.h6+ Kxh6 42.Qh8+ Kg6 43.Qxd4 Re5 44.c6 Re8 45.c7 1-0

[Event "1st EUR-ch (w)"]
[Site "Batumi GEO"]
[Date "2000.06.06"]
[Round "4.1"]
[White "Stepovaya, Tatiana"]
[Black "Zhukova, Natalia"]
[Result "0-1"]
[WhiteElo "2420"]
[BlackElo "2471"]
[EventDate "2000.05.27"]
[PlyCount "126"]

1.e4 Nf6 2.e5 Nd5 3.d4 d6 4.Nf3 dxe5 5.Nxe5 g6 6.Bc4 c6 7.Qf3 Be6 8.O-O 
Bg7 9.Nc3 Nd7 10.Re1 Nxe5 11.dxe5 Nc7 12.Bd3 O-O 13.Bf4 Nd5 14.Nxd5 Qxd5 
15.Qg3 Rad8 16.b3 Qa5 17.Bg5 Rd7 18.Re2 Rfd8 19.Rae1 Qxa2 20.f4 Qa3 21.f5 
Rxd3 22.cxd3 Bxf5 23.Qf2 h6 24.Bc1 Qb4 25.d4 Qxd4 26.Be3 Qc3 27.Bxa7 Rd5 
28.Qf3 Qa5 29.Bf2 Bxe5 30.b4 Qc7 31.Bg3 Bxg3 32.hxg3 Qb6+ 33.Re3 h5 34.Kh2
e6 35.Rb3 Rd4 36.Qe3 Qd8 37.Rf1 Re4 38.Qf2 h4 39.gxh4 Rxh4+ 40.Kg1 Qg5 41.
g3 Rh3 42.Qf4 Qd8 43.Rbf3 Qd5 44.R1f2 e5 45.Qg5 Qd1+ 46.Rf1 Qd4+ 47.Qe3 
Be4 48.Qxd4 exd4 49.Rb3 Bd5 50.Rbb1 Rxg3+ 51.Kh2 Rg2+ 52.Kh3 Re2 53.Rfe1 
d3 54.Rxe2 dxe2 55.Kg3 Bc4 56.Kf2 f5 57.Rc1 Ba6 58.Rc3 Kf7 59.Re3 g5 60.
Re5 Kf6 61.Re8 g4 62.Rg8 Ke5 63.Rg7 Kf4 0-1

[Event "1st EUR-ch (w)"]
[Site "Batumi GEO"]
[Date "2000.06.07"]
[Round "4.2"]
[White "Zhukova, Natalia"]
[Black "Stepovaya, Tatiana"]
[Result "1-0"]
[WhiteElo "2471"]
[BlackElo "2420"]
[EventDate "2000.05.27"]
[PlyCount "77"]

1.d4 d5 2.c4 e6 3.Nc3 c6 4.e3 Bd6 5.Bd3 Nd7 6.e4 dxc4 7.Bxc4 e5 8.Nf3 Ngf6
9.dxe5 Nxe5 10.Nxe5 Bxe5 11.Qxd8+ Kxd8 12.Bxf7 Rf8 13.Bb3 Bxc3+ 14.bxc3 
Nxe4 15.O-O Nc5 16.Ba3 Rf5 17.Rad1+ Kc7 18.Bc2 Rh5 19.Rfe1 Ne6 20.Bb3 Rh6 
21.Bd6+ Kb6 22.f4 a5 23.f5 Nc5 24.Bxc5+ Kxc5 25.Rd8 a4 26.Be6 Bxe6 27.Rxa8
Bxa2 28.Rxa4 Bd5 29.Re7 b5 30.Rg4 Rf6 31.Rexg7 h5 32.Rf4 Bf7 33.h3 Kd5 34.
g4 hxg4 35.hxg4 Ke5 36.g5 Rd6 37.Rf1 Bc4 38.Re7+ Kd5 39.Rd1+ 1-0

[Event "1st EUR-ch (w)"]
[Site "Batumi GEO"]
[Date "2000.06.08"]
[Round "4.3"]
[White "Stepovaya, Tatiana"]
[Black "Zhukova, Natalia"]
[Result "1/2-1/2"]
[WhiteElo "2420"]
[BlackElo "2471"]
[EventDate "2000.05.27"]
[PlyCount "140"]

1.e4 d5 2.exd5 Qxd5 3.Nc3 Qa5 4.d4 c6 5.Nf3 Bf5 6.Bc4 e6 7.Bd2 Nf6 8.Qe2 
Bb4 9.O-O-O Nbd7 10.a3 Bxc3 11.Bxc3 Qc7 12.Bd2 b5 13.Bb3 O-O 14.Ne5 c5 15.
g4 Nxe5 16.gxf5 cxd4 17.Rhe1 Nc4 18.Bg5 Rfe8 19.Bxf6 Qf4+ 20.Kb1 gxf6 21.
fxe6 Rxe6 22.Rg1+ Kh8 23.Qh5 Re7 24.Bxc4 bxc4 25.Rg4 Re5 26.Qh4 Qf3 27.
Rgxd4 Rg8 28.Rd6 Re6 29.Qxc4 Rg2 30.R6d2 Rxh2 31.Qc7 Rh1 32.Rxh1 Qxh1+ 33.
Ka2 Qh5 34.Qxa7 Kg7 35.Rd3 Re4 36.Rg3+ Rg4 37.Qd7 Rg6 38.a4 Qe2 39.Rxg6+ 
hxg6 40.Qd4 Qxc2 41.a5 Qc6 42.Ka3 Qc1 43.Qc3 Qf1 44.f3 g5 45.b4 Qb5 46.Kb3
Qd5+ 47.Ka4 Qd1+ 48.Ka3 Qd6 49.Qc4 Qd1 50.Qe4 Qf1 51.Ka4 Qd1+ 52.Kb5 Qd7+ 
53.Kc5 Qc7+ 54.Qc6 Qe5+ 55.Qd5 Qe7+ 56.Kb5 Qe8+ 57.Qc6 Qe2+ 58.Kb6 Qf2+ 
59.Ka6 f5 60.b5 g4 61.fxg4 fxg4 62.b6 g3 63.Qc3+ f6 64.b7 Qf1+ 65.Ka7 g2 
66.Qg3+ Kf7 67.Qc7+ Kg6 68.Qg3+ Kf7 69.Qb3+ Kg7 70.Qg3+ Kf7 1/2-1/2

[Event "1st EUR-ch (w)"]
[Site "Batumi GEO"]
[Date "2000.06.10"]
[Round "5.1"]
[White "Zhukova, Natalia"]
[Black "Kovalevskaya, Ekaterina"]
[Result "0-1"]
[WhiteElo "2471"]
[BlackElo "2451"]
[EventDate "2000.05.27"]
[PlyCount "86"]

1.d4 Nf6 2.c4 d6 3.Nc3 e5 4.e4 Nbd7 5.Nge2 g6 6.f3 Bg7 7.Bg5 c6 8.d5 h6 9.
Be3 cxd5 10.cxd5 O-O 11.Qd2 Kh7 12.Ng3 a6 13.Bd3 b5 14.b4 Nb6 15.a4 Nxa4 
16.Nxa4 bxa4 17.Rxa4 Bd7 18.Rxa6 Rxa6 19.Bxa6 Qa8 20.Bd3 Rb8 21.O-O Ne8 
22.f4 exf4 23.Rxf4 Kg8 24.Qf2 Nf6 25.h3 Rxb4 26.Bf1 Qd8 27.Qc2 Nh7 28.Rf2 
Be5 29.Ne2 Nf6 30.Bxh6 Nxe4 31.Rf3 g5 32.Nc1 Qb6+ 33.Kh1 g4 34.Be3 Qd8 35.
Nd3 gxf3 36.Nxb4 Bf5 37.Qa2 Qh4 38.Nd3 Ng3+ 39.Kg1 Bxd3 40.Bxd3 Ne2+ 41.
Kf1 Qg3 42.Qa8+ Kg7 43.Qc8 Nf4 0-1

[Event "1st EUR-ch (w)"]
[Site "Batumi GEO"]
[Date "2000.06.11"]
[Round "5.2"]
[White "Kovalevskaya, Ekaterina"]
[Black "Zhukova, Natalia"]
[Result "0-1"]
[WhiteElo "2451"]
[BlackElo "2471"]
[EventDate "2000.05.27"]
[PlyCount "76"]

1.e4 Nf6 2.e5 Nd5 3.d4 d6 4.Nf3 dxe5 5.Nxe5 g6 6.Bc4 c6 7.O-O Bg7 8.Re1 
O-O 9.Bb3 a5 10.c4 Nb6 11.Nc3 N8d7 12.Nxd7 Nxd7 13.Bf4 Re8 14.d5 Nc5 15.
Bc2 e5 16.Be3 Na6 17.dxc6 bxc6 18.Ba4 Qc7 19.Nd5 cxd5 20.Bxe8 d4 21.Bd2 
Nc5 22.b4 axb4 23.Bxb4 Bb7 24.Bxc5 Rxe8 25.Rb1 Bxg2 26.Kxg2 Qxc5 27.Qa4 
Rd8 28.Qb5 Qc8 29.f3 d3 30.Rbd1 Rd4 31.c5 Rh4 32.Rxd3 Qh3+ 33.Kg1 Qxh2+ 
34.Kf1 e4 35.Qe8+ Bf8 36.Rxe4 Qh1+ 37.Kf2 Rh2+ 38.Ke3 Qc1+ 0-1